书目信息 |
| 题名: |
夏娃的天空:自然女性的美文随笔
|
|
| 作者: | 科莱特 著 | |
| 分册: | ||
| 出版信息: | 长春 吉林文史出版社 1994.09 |
|
| 页数: | 211页 | |
| 开本: | 32开 | |
| 丛书名: | ||
| 单 册: | ||
| 中图分类: | I267 | |
| 科图分类: | ||
| 主题词: | 散文--中国 , 散文--作品综合集--中国 | |
| 电子资源: | ||
| ISBN: | 7-80528-820-8 | |
| 000 | 00623nam0 2200205 45 | |
| 001 | 0011021554 | |
| 005 | 20001102155119.3 | |
| 010 | @a7-80528-820-8@d7.60元 | |
| 100 | @a20001102d1994 km y0chiy0120 ea | |
| 101 | 0 | @achi |
| 105 | @a z 000yy | |
| 200 | 1 | @a夏娃的天空:自然女性的美文随笔@AXia Wa De Tian Kong:Zi Ran Nu Xing De Mei Wen Sui Bi@f科莱特等著@FKe Lai Te Deng Zhu |
| 210 | @a长春@c吉林文史出版社@d1994.09 | |
| 215 | @a211页@d32开 | |
| 606 | 0 | @a散文@x中国 |
| 606 | 0 | @a散文@x作品综合集@x中国 |
| 690 | @aI267@v3 | |
| 701 | 0 | @a科莱特@4著 |
| 801 | @aCN@bPftUser@c20001102 | |
| 905 | @b196138-139@dI267@eK.813@f2 | |
| 夏娃的天空:自然女性的美文随笔/科莱特等著.-长春:吉林文史出版社,1994.09 |
| 211页;32开 |
| ISBN 7-80528-820-8:7.60元 |
| ● |
| 相关链接 |
|
|
|
正题名:夏娃的天空:自然女性的美文随笔
索取号:I267/K.813
 
预约/预借
| 序号 | 登录号 | 条形码 | 馆藏地/架位号 | 状态 | 备注 |
| 1 | 196138 | 201961387 | 社科二线400B/400B社科库 25排4列1层/ [索取号:I267/K.813] | 在馆 | |
| 2 | 196139 | 201961396 | 社科二线400B/400B社科库 25排4列1层/ [索取号:I267/K.813] | 在馆 |